Managing Business Ethics Straight Talk About How To Do It Right

Salvato in:
Dettagli Bibliografici
Autore principale: Treviňo, Linda Klebe
Altri autori: Nelson, Katherine A.
Natura: Libro
Lingua:inglese
Pubblicazione: New York John Wiley and Sons 1995
Edizione:1. ed.
Soggetti:
Tags: Aggiungi Tag
Nessun Tag, puoi essere il primo ad aggiungerne!!

MARC

LEADER 00000nam a2200000 4500
001 c020027
005 20221205133235.5
020 |a 0-471-59848-8 
041 0 |a eng 
044 |a US 
245 1 0 |a Managing Business Ethics  |b Straight Talk About How To Do It Right  |c Linda Klebe Treviňo, Katherine A. Nelson 
250 |a 1. ed. 
264 1 |a New York  |b John Wiley and Sons  |c 1995 
300 |a 332 s. 
610 2 0 |a etika 
610 2 0 |a etika podnikateľská 
610 2 0 |a podnikanie 
610 2 0 |a štúdie prípadové 
100 1 |a Treviňo, Linda Klebe 
700 1 |a Nelson, Katherine A.